Nepochodili ani kadetky rozhovor s J. Obercianom, trénerom basketbalového ŠKM

Bibliographic Details
Main Author: Obercian, Ján (Author)
Format: Article
Language:Slovak
PhysicalDescription:Fotogr.
Subjects:

MARC

LEADER 00000nab a2200000 a 4500
001 vtls008990531
003 SK-MaSNL
005 20260303065134.0
008 171110 2007 xo w n 000 0 slo
015 |a SLLK2007  |2 sllk 
038 |a SLLK 
040 |a SLLK  |b slo  |c sllk  |e AACR2 
041 0 |a slo 
044 |a xo  |c SK 
080 |a 796.323.2  |2 1997 
245 0 0 |a Nepochodili ani kadetky  |b rozhovor s J. Obercianom, trénerom basketbalového ŠKM  |c Text a foto (bk) 
300 |b Fotogr. 
610 1 7 |a ŠKM Stará Ľubovňa  |b Basketbalový oddiel  |2 snkbucl  |9 1031868 
648 7 |a 2007  |2 snkbucl  |9 313226 
650 0 7 |a šport  |2 snkbucl  |9 1042 
650 0 7 |a basketbal  |x juniorky  |2 snkbucl  |9 844907 
650 0 7 |a basketbal  |x kadetky  |x 1. liga  |y sezóna 2006/2007  |2 snkbucl  |9 1064796 
651 7 |a Stará Ľubovňa (Slovensko)  |2 snkbucl  |9 19193 
700 1 |a Obercian, Ján  |4 ive  |4 aut  |9 1045228 
773 0 |t Ľubovnianske noviny  |g Roč. XXXIII, č. 19 (2007), s. 6 
852 |a SLLK  |b KIS3GCP 
999 |c 1750000  |d 1751930